000 01035nam a22002417a 4500
001 4950
003 FISKH
005 20241028120114.0
008 241028b cb ||||| |||| 00| 0 eng d
020 _a9780425103555
040 _aFISKH
_beng
_cFISKH
_dFISKH
050 _aDS558.H37
082 _a959.70434
100 _aHenderson, Charles
245 _aMarine Sniper : 93 Confirmed Kills :
_bThe Explosive True Story Of A Vietnam Hero /
_cCharles Henderson : Author of Silent Warrior
260 _aNew York :
_bBerkley Publishing Group ;
_c1986 .
300 _a291 pages :
_billustrator ;
_c18 cm .
490 _aCarlos Hathcock Story
_vBook 1
520 _aThere have been many Marines. There have been many marksmen. But there has been only one Sergeant Carlos Hathcock, a legend of Marine lore. He stalked the Viet Cong behind enemy lines. His record has never been matched: 93 confirmed kills. This is his story. Powerful, chilling, and all true.
650 _asniper
_vnon-fiction
942 _2ddc
_cBK
_n0
999 _c4950
_d4950